[Event "Open Aubagne"]
[Site "Aubagne"]
[Date "2024.02.17"]
[Round "7.7"]
[White "Periale, Albert"]
[Black "Belaid, Noa"]
[Result "0-1"]
[WhiteElo "1203"]
[BlackElo "1163"]
[PlyCount "68"]
[WhiteTeam "C.E. Aubagnais"]
[BlackTeam "C.E. Aubagnais"]

1. d4 d5 2. Bf4 Bf5 3. c3 Nd7 4. Nf3 Nb6 5. e3 e6 6. Bd3 Bg6 7. Bc2 Bd6 8. Bxg6
hxg6 9. Bxd6 Qxd6 10. Ne5 Ne7 11. Nd2 f6 12. Nef3 g5 13. g4 Nc6 14. h3 e5 15.
dxe5 Nxe5 16. Nxe5 Qxe5 17. Qc2 Rh6 18. Nf3 Qe7 19. Nd4 Qf7 20. Nf5 Rh8 21. b3
O-O-O 22. O-O-O g6 23. Nd4 Rh6 24. Rh2 Rdh8 25. Rdh1 Nd7 26. Kb1 Ne5 27. Qe2 c5
28. Nb5 Kb8 29. Na3 Qd7 30. c4 Nxg4 31. hxg4 Rxh2 32. Rxh2 Rxh2 33. Kb2 d4 34.
Kc2 d3+ 0-1

[Event "Open Aubagne"]
[Site "Aubagne"]
[Date "2024.02.17"]
[Round "7.8"]
[White "Hassaine, Rachid"]
[Black "Gomez, Guy"]
[Result "0-1"]
[WhiteElo "1334"]
[BlackElo "1480"]
[PlyCount "70"]
[WhiteTeam "C.E. Aubagnais"]
[BlackTeam "C.E. Aubagnais"]

1. e4 e6 2. Nf3 d5 3. exd5 exd5 4. d4 Nf6 5. Bd3 Bg4 6. O-O Bd6 7. Re1+ Be7 8.
Qe2 Bxf3 9. gxf3 Kf8 10. Nc3 c6 11. Bf4 Bd6 12. Bg3 Bxg3 13. hxg3 g6 14. Qe3
Kg7 15. Kg2 Nbd7 16. Rh1 h5 17. Nd1 Nf8 18. c3 Qd7 19. Qd2 Re8 20. Ne3 Ne6 21.
f4 Ne4 22. Bxe4 dxe4 23. f5 Ng5 24. fxg6 Nf3 25. Qc2 f5 26. Qb3 Kxg6 27. d5 h4
28. dxc6 bxc6 29. Rad1 h3+ 30. Kf1 Nd2+ 31. Kg1 Qd3 32. Rh2 Nxb3 33. Rxd3 exd3
34. axb3 d2 35. Kf1 Rxe3 0-1

[Event "Open Aubagne"]
[Site "Aubagne"]
[Date "2024.02.17"]
[Round "7.10"]
[White "Cotton, Paul"]
[Black "Pretini, Augustin"]
[Result "1-0"]
[WhiteElo "1311"]
[BlackElo "1284"]
[PlyCount "107"]
[WhiteTeam "C.E. Aubagnais"]
[BlackTeam "C.E. Aubagnais"]

1. c4 Nf6 2. Nf3 Nc6 3. d3 e5 4. Nc3 Bc5 5. g3 Ng4 6. e3 d6 7. Bg2 O-O 8. O-O
Bb4 9. Bd2 a6 10. a3 Bxc3 11. Bxc3 d5 12. h3 d4 13. exd4 exd4 14. Bd2 Nf6 15.
Re1 Re8 16. Qc2 h6 17. b4 b5 18. cxb5 Ne7 19. bxa6 Rxa6 20. Qb2 Rd6 21. Bf4 Re6
22. Nxd4 Rxe1+ 23. Rxe1 Ned5 24. Rxe8+ Qxe8 25. Qe2 Qd7 26. Qd2 Qa4 27. Qc1 Ba6
28. Bf1 Nh5 29. Bxc7 Nxc7 30. Qxc7 Qxa3 31. b5 Qb2 32. Qd8+ Kh7 33. bxa6 Qa1
34. Qd6 Nf6 35. Nf5 Ne8 36. Qc6 Qe5 37. Qe4 Qxe4 38. dxe4 Nd6 39. Nxd6 f5 40.
exf5 h5 41. a7 h4 42. a8=Q hxg3 43. fxg3 g6 44. fxg6+ Kxg6 45. Qa5 Kh6 46. Kf2
Kg6 47. Kf3 Kh6 48. Kf4 Kh7 49. Kf5 Kg7 50. Qa6 Kh8 51. Nb5 Kh7 52. Kg5 Kg7 53.
Qa7+ Kh8 54. Kg6 1-0

[Event "Open Aubagne"]
[Site "Aubagne"]
[Date "2024.02.17"]
[Round "7.11"]
[White "Leonti, Denis"]
[Black "Roganova, Jeremy"]
[Result "1-0"]
[WhiteElo "1172"]
[BlackElo "1290"]
[PlyCount "51"]
[WhiteTeam "Hay Chess"]
[BlackTeam "C.E. Aubagnais"]

1. e4 c5 2. Nc3 d6 3. g3 Nf6 4. Bg2 g6 5. d3 Bg7 6. Be3 O-O 7. Nge2 Nc6 8. d4
cxd4 9. Nxd4 a6 10. O-O Bg4 11. Qd2 b5 12. Nxc6 Qd7 13. Nd4 e5 14. Nde2 Bh3 15.
f3 Be6 16. Bh6 d5 17. Bxg7 Kxg7 18. exd5 Nxd5 19. Nxd5 Bxd5 20. Rad1 Rfd8 21.
Nc3 Qa7+ 22. Qf2 Qb7 23. Nxd5 Rxd5 24. f4 exf4 25. Bxd5 fxg3 26. Qd4+ 1-0

[Event "Open Aubagne"]
[Site "Aubagne"]
[Date "2024.02.17"]
[Round "7.12"]
[White "Hovaguimian, Gerard"]
[Black "Autouard, Jean-Luc"]
[Result "1-0"]
[WhiteElo "1324"]
[BlackElo "1212"]
[PlyCount "63"]
[WhiteTeam "Hay Chess"]
[BlackTeam "C.E. Aubagnais"]

1. d4 f5 2. c4 Nf6 3. Nf3 e6 4. Nc3 Be7 5. Bg5 O-O 6. e3 Ne4 7. Bxe7 Qxe7 8.
Bd3 Nxc3 9. bxc3 d6 10. O-O Nd7 11. Qc2 Nf6 12. Nd2 Qf7 13. f4 Ng4 14. Rf3 b6
15. e4 Bb7 16. d5 e5 17. fxe5 f4 18. exd6 Ne5 19. Rf2 Qh5 20. Be2 Qh4 21. dxc7
Rf6 22. Nf3 Nxf3+ 23. Bxf3 Rc8 24. e5 Rh6 25. h3 Qg5 26. Bg4 Rxc7 27. Qe4 Rf7
28. Raf1 Rg6 29. Rxf4 Rxf4 30. Qxf4 Qxf4 31. Rxf4 Rg5 32. Be6+ 1-0

[Event "Open Aubagne"]
[Site "Aubagne"]
[Date "2024.02.11"]
[Round "7.13"]
[White "Evrard, Nicolas"]
[Black "Pouliquen, Gilbert"]
[Result "0-1"]
[WhiteElo "1259"]
[BlackElo "1152"]
[PlyCount "102"]
[WhiteTeam "Salon Nostradamus"]
[BlackTeam "Ech. Marseillais 1872"]

1. c4 e5 2. Nc3 Nf6 3. e4 c6 4. Nf3 d5 5. cxd5 cxd5 6. Bb5+ Nc6 7. Nxe5 Qd6 8.
Nxc6 bxc6 9. Bd3 dxe4 10. Bxe4 g6 11. Qe2 Nxe4 12. Nxe4 Qe6 13. Nf6+ Kd8 14.
Qxe6 Bxe6 15. O-O Bg7 16. Ne4 Bd4 17. Re1 Kd7 18. d3 Rae8 19. Kf1 f5 20. Nd2
Bd5 21. Nc4 Rxe1+ 22. Kxe1 Bxg2 23. f4 Re8+ 24. Kd2 Bf3 25. Ne5+ Bxe5 26. fxe5
Rxe5 27. Kc3 Re1 28. b4 Rh1 29. Bb2 Rxh2 30. Re1 Re2 31. Rf1 Bd5 32. Rf4 h5 33.
a4 Rg2 34. Bc1 Rg3 35. Kd4 Rg4 36. Ke5 Rxf4 37. Kxf4 Ke6 38. Be3 a6 39. Bc5 h4
40. Bg1 h3 41. Kg3 Bg2 42. Be3 Kf6 43. d4 g5 44. Bg1 Ke6 45. Bh2 Kd5 46. Bg1
Kc4 47. d5 Kxd5 48. Bc5 Ke4 49. Bd6 f4+ 50. Kh2 g4 51. Bc7 g3+ 0-1

[Event "Open Aubagne"]
[Site "Aubagne"]
[Date "2024.02.17"]
[Round "7.15"]
[White "Turpin, Isabelle"]
[Black "Innocenti, Georges"]
[Result "1-0"]
[WhiteElo "1111"]
[BlackElo "1009"]
[PlyCount "85"]
[WhiteTeam "C.E. Aubagnais"]
[BlackTeam "C.E. Aubagnais"]

1. e4 e5 2. Nf3 Nc6 3. Bb5 Bd6 4. O-O Nge7 5. d3 O-O 6. Ng5 h6 7. Nh3 a6 8. Bc4
b5 9. Bb3 Nd4 10. Qg4 Ng6 11. c3 Nxb3 12. axb3 Qh4 13. Qf3 Qf6 14. Qg3 Qh4 15.
f4 Qxg3 16. hxg3 Bb7 17. f5 Ne7 18. f6 gxf6 19. Bxh6 Rfe8 20. Rxf6 Ng6 21. Ng5
Re7 22. Nd2 Bc5+ 23. Kh2 Be3 24. Ndf3 Bxg5 25. Nxg5 a5 26. Raf1 Nf8 27. Nxf7
Ra6 28. Ng5 Rxf6 29. Rxf6 Nh7 30. Rg6+ Kh8 31. Nf3 Re6 32. Bg7+ Kg8 33. Rxe6
dxe6 34. Bxe5 c6 35. Nd4 Kf7 36. Bd6 Nf6 37. Kh3 Ne8 38. Bc5 Ba6 39. Nxc6 Bb7
40. Ne5+ Kf6 41. Nd7+ Kf7 42. g4 Bc6 43. Ne5+ 1-0

[Event "Open Aubagne"]
[Site "Aubagne"]
[Date "2024.02.17"]
[Round "7.16"]
[White "Belaid, Myriam"]
[Black "Peucelle, Richard"]
[Result "0-1"]
[WhiteElo "1199"]
[BlackElo "1199"]
[PlyCount "52"]
[WhiteTeam "C.E. Aubagnais"]
[BlackTeam "C.E. Aubagnais"]

1. c4 c5 2. d3 Nf6 3. Nc3 d5 4. cxd5 Nxd5 5. Nxd5 Qxd5 6. e4 Qd8 7. Nf3 Nc6 8.
Bd2 e5 9. g3 Be7 10. Bg2 Rb8 11. O-O O-O 12. Qc1 Re8 13. a3 h6 14. b4 Qb6 15.
Rb1 cxb4 16. axb4 Bxb4 17. Re1 Bg4 18. Qc4 Be6 19. Qc2 Rbc8 20. Qa4 Qa5 21.
Qxb4 Nxb4 22. Bxb4 Qa2 23. Nxe5 Rc7 24. Bd6 Rcc8 25. Rf1 f6 26. Nc4 Bxc4 0-1

[Event "Open Aubagne"]
[Site "Aubagne"]
[Date "2024.02.17"]
[Round "7.17"]
[White "Roubinet, Tao"]
[Black "Giraudoux Lognos, Lina"]
[Result "1-0"]
[WhiteElo "1099"]
[BlackElo "1199"]
[PlyCount "67"]
[WhiteTeam "C.E. Aubagnais"]
[BlackTeam "C.E. Aubagnais"]

1. e4 c5 2. Nf3 d6 3. d4 cxd4 4. Nxd4 Nf6 5. Nc3 a6 6. Be3 e5 7. Nb3 Be7 8. Qd2
Be6 9. Nd5 Nxe4 10. Qd3 Nf6 11. Bb6 Qc8 12. Nc7+ Kf8 13. Nxa8 Nbd7 14. Nc7 Nxb6
15. Nxe6+ fxe6 16. g3 Qc6 17. f3 e4 18. fxe4 Nxe4 19. Bg2 Qc4 20. Bxe4 Qxd3 21.
Bxd3 Bf6 22. O-O-O Ke7 23. Rhe1 Na4 24. c3 Nc5 25. Nxc5 dxc5 26. Bc4 b5 27.
Rxe6+ Kf7 28. Rd7+ Kg6 29. Bd3+ Kg5 30. h3 h5 31. Rd5+ Kh6 32. g4 hxg4 33. hxg4
c4 34. Rh5# 1-0

[Event "Open Aubagne"]
[Site "Aubagne"]
[Date "2024.02.17"]
[Round "7.18"]
[White "Formosa, Francoise"]
[Black "Roubinet, Luan"]
[Result "1/2-1/2"]
[WhiteElo "1199"]
[BlackElo "1199"]
[PlyCount "59"]
[WhiteTeam "Ech. Marseillais 1872"]
[BlackTeam "C.E. Aubagnais"]

1. e4 c5 2. Bc4 d6 3. Nf3 Nf6 4. d3 a6 5. a3 e6 6. O-O Be7 7. Nc3 Nbd7 8. Re1
b5 9. Ba2 Bb7 10. b4 cxb4 11. axb4 O-O 12. d4 Rc8 13. Bb2 Nb6 14. d5 Nc4 15.
Bc1 e5 16. Nd2 Nb6 17. Ne2 Qc7 18. Bb3 Nc4 19. Ng3 Nxd2 20. Qxd2 Qc3 21. Qxc3
Rxc3 22. Bb2 Rc7 23. Rac1 Rfc8 24. c3 Nd7 25. Rc2 Nb6 26. Bc1 Rxc3 27. Rxc3
Rxc3 28. Ba2 Rd3 29. Kf1 Rd4 30. Nf5 1/2-1/2

[Event "Open Aubagne"]
[Site "Aubagne"]
[Date "2024.02.17"]
[Round "7.19"]
[White "Periale, Francine"]
[Black "Guelai, Belkacem"]
[Result "0-1"]
[WhiteElo "1199"]
[BlackElo "1199"]
[PlyCount "48"]
[WhiteTeam "C.E. Aubagnais"]
[BlackTeam "C.E. Aubagnais"]

1. d4 d5 2. c4 Nf6 3. Bf4 Bf5 4. Nc3 b6 5. Nf3 e6 6. e3 Nbd7 7. Be2 g6 8. O-O
Bg7 9. Ne5 O-O 10. h3 Ne4 11. Nxe4 Bxe4 12. f3 Bf5 13. Nxd7 Qxd7 14. e4 dxe4
15. fxe4 Bxe4 16. Rf2 Rad8 17. Be3 Qe7 18. Bf3 f5 19. h4 Qxh4 20. Bg5 Qxg5 21.
Qd2 Qh4 22. Raf1 Bxd4 23. Bxe4 Be5 24. Qe3 Qh2# 0-1

[Event "Open Aubagne"]
[Site "Aubagne"]
[Date "2024.03.23"]
[Round "8.1"]
[White "Vrillet, Loan"]
[Black "Madi, Mohammed"]
[Result "0-1"]
[WhiteElo "1691"]
[BlackElo "1788"]
[PlyCount "100"]
[WhiteTeam "C.E. Aubagnais"]
[BlackTeam "C.E. Aubagnais"]

1. Nf3 Nf6 2. b3 g6 3. Bb2 Bg7 4. g3 d5 5. c4 c6 6. Bg2 Nbd7 7. O-O O-O 8. d4
Nb6 9. Nbd2 Re8 10. Rc1 a5 11. a4 h6 12. Ne5 Nbd7 13. e4 Nxe5 14. dxe5 Nxe4 15.
cxd5 cxd5 16. Nxe4 dxe4 17. Bxe4 Qxd1 18. Rfxd1 Be6 19. Bxb7 Rab8 20. Bc6 Rec8
21. Bd5 Rxc1 22. Bxc1 Bxe5 23. Bxe6 fxe6 24. Re1 Bf6 25. Rxe6 Rxb3 26. Bxh6 Rb4
27. Ra6 Rxa4 28. Kg2 Ra2 29. Be3 a4 30. Bc5 Kf7 31. Rb6 Ra1 32. Ra6 Ra2 33. Ra7
Ke6 34. Ra5 Be5 35. Bxe7 Bd4 36. Bc5 Rxf2+ 37. Kh3 Bxc5 38. Rxc5 a3 39. Ra5 a2
40. g4 g5 41. Kg3 Rb2 42. h3 Kd6 43. Kf3 Kc6 44. Ke4 Kb6 45. Ra8 Kb5 46. Kf5
Kb4 47. Kxg5 Rc2 48. Kh5 Rc5+ 49. g5 Ra5 50. Rb8+ Ka3 0-1

[Event "Open Aubagne"]
[Site "Aubagne"]
[Date "2024.03.23"]
[Round "8.2"]
[White "Madi, Chahinez"]
[Black "Mouhieddine, Hocine"]
[Result "0-1"]
[WhiteElo "1729"]
[BlackElo "1797"]
[PlyCount "70"]
[WhiteTeam "C.E. Aubagnais"]
[BlackTeam "Ech. Marseillais 1872"]

1. e4 c6 2. d4 d5 3. Nd2 dxe4 4. Nxe4 Nf6 5. Ng3 e5 6. Be3 Ng4 7. Nf3 Nxe3 8.
fxe3 exd4 9. exd4 Bd6 10. Bc4 O-O 11. Qd3 Re8+ 12. Ne2 Qa5+ 13. c3 Bf5 14. Qd2
Qc7 15. O-O-O Nd7 16. Rdf1 Nf6 17. Ng5 Bg6 18. h4 h6 19. h5 Bxh5 20. Rxh5 hxg5
21. Qxg5 Nxh5 22. Rxf7 Qxf7 23. Bxf7+ Kxf7 24. Qxh5+ Kg8 25. Qg4 Re7 26. g3
Rae8 27. Nf4 Bxf4+ 28. Qxf4 Re2 29. g4 Rg2 30. Kb1 Re1+ 31. Qc1 Rxc1+ 32. Kxc1
Kf7 33. c4 Kg6 34. d5 cxd5 35. cxd5 Kf6 0-1

[Event "Open Aubagne"]
[Site "Aubagne"]
[Date "2024.03.23"]
[Round "8.3"]
[White "Gamblin, Vincent"]
[Black "Battaglia, Gerard"]
[Result "1/2-1/2"]
[WhiteElo "1658"]
[BlackElo "1760"]
[PlyCount "88"]
[WhiteTeam "Ech. du Roy Rene"]
[BlackTeam "Ech. Marseillais 1872"]

1. e4 e6 2. d4 d5 3. exd5 exd5 4. Nf3 Bd6 5. Bg5 Ne7 6. Nc3 Be6 7. Qd2 c6 8.
Bd3 Qc7 9. Bxe7 Bxe7 10. Ng5 Bxg5 11. Qxg5 f6 12. Qe3 Kf7 13. O-O Nd7 14. Rae1
Rae8 15. Qd2 g6 16. Ne2 Kg7 17. Nf4 Bf7 18. h4 a6 19. g3 c5 20. c3 Qb6 21. Be2
cxd4 22. cxd4 Qd6 23. Bf3 Nb6 24. b3 Nc8 25. Rc1 Ne7 26. Rc2 Nf5 27. Rfc1 Re7
28. Rc5 Rd8 29. Kg2 Red7 30. Bg4 Qf8 31. Bxf5 gxf5 32. Qd3 Qe8 33. Qxf5 Qe4+
34. Qxe4 dxe4 35. d5 Bxd5 36. Nxd5 Rxd5 37. Rxd5 Rxd5 38. Rc7+ Kg6 39. Rxb7 Rd2
40. Re7 f5 41. g4 fxg4 42. Rxe4 h5 43. a4 Kf5 44. Rc4 Rd3 1/2-1/2

[Event "Open Aubagne"]
[Site "Aubagne"]
[Date "2024.03.23"]
[Round "8.4"]
[White "Madi, Walid"]
[Black "Deregnaucourt, Yves"]
[Result "1-0"]
[WhiteElo "1624"]
[BlackElo "1754"]
[PlyCount "58"]
[WhiteTeam "C.E. Aubagnais"]
[BlackTeam "C.E. Aubagnais"]

1. d4 e5 2. dxe5 Nc6 3. Nf3 Qe7 4. a3 Nxe5 5. Nbd2 Nxf3+ 6. Nxf3 Nf6 7. Bg5 h6
8. Bh4 g5 9. Bg3 d6 10. e3 Bg7 11. Bc4 Bg4 12. Qd3 Nd7 13. O-O-O Bxf3 14. gxf3
Qf6 15. Qe4+ Kf8 16. c3 Nc5 17. Qd5 Rd8 18. Be5 Qg6 19. Bg3 Ke7 20. e4 Rhe8 21.
b4 Na4 22. Qxb7 Kf8 23. Qxc7 Nxc3 24. Rxd6 Rc8 25. Qxa7 Nb5 26. Rxg6 Nxa7 27.
Bd6+ Kg8 28. Bc5 Nb5 29. Rxg7+ Kxg7 1-0

[Event "Open Aubagne"]
[Site "Aubagne"]
[Date "2024.03.23"]
[Round "8.5"]
[White "Belaid, Noa"]
[Black "Maggio, Lucas"]
[Result "1-0"]
[WhiteElo "1554"]
[BlackElo "1662"]
[PlyCount "80"]
[WhiteTeam "C.E. Aubagnais"]
[BlackTeam "C.E. Aubagnais"]

1. e4 c5 2. c3 e6 3. d4 d5 4. e5 Nc6 5. Nf3 Qb6 6. Be2 cxd4 7. cxd4 Nh6 8. Nc3
Nf5 9. Bb5 Bd7 10. Bxc6 bxc6 11. O-O c5 12. Na4 Qc7 13. Nxc5 Nxd4 14. Nxd7
Nxf3+ 15. Qxf3 Qxd7 16. Be3 Qb5 17. Bd4 Bc5 18. Bxc5 Qxc5 19. Rfc1 Qd4 20. Qc3
Qxc3 21. Rxc3 Kd7 22. Rac1 Rhc8 23. Rxc8 Rxc8 24. Rxc8 Kxc8 25. Kf1 Kc7 26. Ke2
Kc6 27. Kd3 Kc5 28. a3 a5 29. b3 f6 30. exf6 gxf6 31. g4 e5 32. f3 h6 33. h3 d4
34. h4 Kd5 35. b4 axb4 36. axb4 Kc6 37. f4 exf4 38. Kxd4 f3 39. Ke3 Kb5 40.
Kxf3 Kxb4 1-0

[Event "Open Aubagne"]
[Site "Aubagne"]
[Date "2024.03.23"]
[Round "8.8"]
[White "Rival, None"]
[Black "Leonti, Denis"]
[Result "1-0"]
[WhiteElo "1642"]
[BlackElo "1502"]
[PlyCount "51"]
[WhiteTeam "Ech. Marseillais 1872"]
[BlackTeam "Hay Chess"]

1. d4 d5 2. c4 c6 3. Nc3 Nf6 4. Nf3 e6 5. Bg5 Nbd7 6. e3 dxc4 7. Bxc4 b5 8. Bd3
h6 9. Bh4 Be7 10. O-O Bb7 11. e4 a6 12. e5 Nd5 13. Ne4 O-O 14. Bxe7 Nxe7 15.
Nd6 Rb8 16. Rc1 Ba8 17. Nd2 Nd5 18. N2e4 f6 19. f4 Ne3 20. Qh5 Nxf1 21. Nxf6+
Nxf6 22. Qg6 Ne3 23. exf6 Nf5 24. Nxf5 Qxf6 25. Nxh6+ Kh8 26. Qh7# 1-0

[Event "Open Aubagne"]
[Site "Aubagne"]
[Date "2024.03.23"]
[Round "8.9"]
[White "Beneddra, Nassim"]
[Black "Hassaine, Rachid"]
[Result "0-1"]
[WhiteElo "1579"]
[BlackElo "1596"]
[PlyCount "52"]
[WhiteTeam "Ech. Marseillais 1872"]
[BlackTeam "C.E. Aubagnais"]

1. d4 d5 2. c4 e6 3. e3 Nf6 4. Nf3 c6 5. Be2 Bd6 6. Nc3 Nbd7 7. a3 O-O 8. b4 e5
9. dxe5 Nxe5 10. cxd5 Nxd5 11. Nxd5 cxd5 12. Qxd5 Bxb4+ 13. axb4 Qxd5 14. O-O
Ng6 15. h3 Qb3 16. Ba3 Rd8 17. Nd4 Qd5 18. Bf3 Qg5 19. Kh1 Nh4 20. Rfd1 Nxf3
21. Nxf3 Qe7 22. b5 Qc7 23. g3 Rxd1+ 24. Rxd1 Be6 25. Rc1 Qa5 26. Ra1 Qc3 0-1

[Event "Open Aubagne"]
[Site "Aubagne"]
[Date "2024.03.23"]
[Round "8.10"]
[White "Periale, Albert"]
[Black "Hovaguimian, Gerard"]
[Result "0-1"]
[WhiteElo "1522"]
[BlackElo "1573"]
[PlyCount "52"]
[WhiteTeam "C.E. Aubagnais"]
[BlackTeam "Hay Chess"]

1. d4 d5 2. c4 e6 3. Nc3 Nf6 4. Nf3 Be7 5. Bg5 c6 6. cxd5 exd5 7. e3 Nbd7 8.
Bd3 O-O 9. Qc2 h6 10. Bh4 Re8 11. O-O Ne4 12. Bxe7 Qxe7 13. Rfe1 Ndf6 14. h3
Nd7 15. a3 f5 16. Qe2 b5 17. b4 g5 18. Rac1 a5 19. Qb2 g4 20. hxg4 fxg4 21. Nh2
Qh4 22. Re2 Rf8 23. Nxe4 dxe4 24. Bxe4 g3 25. Qb3+ Kg7 26. Qe6 Qxh2+ 0-1

[Event "Open Aubagne"]
[Site "Aubagne"]
[Date "2024.03.23"]
[Round "8.12"]
[White "Pretini, Augustin"]
[Black "Roubinet, Tao"]
[Result "1-0"]
[WhiteElo "1561"]
[BlackElo "1528"]
[PlyCount "141"]
[WhiteTeam "C.E. Aubagnais"]
[BlackTeam "C.E. Aubagnais"]

1. d4 d5 2. c4 c6 3. Nc3 Nf6 4. Nf3 dxc4 5. e4 b5 6. a4 a6 7. axb5 cxb5 8. Nxb5
Nxe4 9. Bxc4 Bb7 10. Nc3 Qc7 11. Nxe4 Bxe4 12. Qe2 Bb7 13. O-O e6 14. Bd3 f5
15. Qe5 Qxe5 16. dxe5 Bc5 17. Bc4 Bxf3 18. gxf3 Kf7 19. Be3 Bb4 20. Ra4 Nc6 21.
f4 Rab8 22. Rxa6 Rhc8 23. Rc1 Nd8 24. Ra7+ Rb7 25. Rxb7+ Nxb7 26. Bxe6+ Kxe6
27. Rxc8 Na5 28. Ra8 Nc6 29. Ra6 Kd7 30. e6+ Kc7 31. Ra4 Be7 32. Rc4 Kb7 33.
Bc5 Bf6 34. e7 Nxe7 35. Bxe7 Bxe7 36. Rd4 Bf6 37. Rd7+ Kc6 38. Rd2 Kc5 39. f3
Kb4 40. Kg2 Kb3 41. Kg3 h6 42. h3 h5 43. Re2 h4+ 44. Kf2 Bxb2 45. Re8 Kc2 46.
Rh8 Bf6 47. Rh5 Kd3 48. Rxf5 Bd4+ 49. Kg2 Bf6 50. Re5 Kd4 51. Re8 Kd3 52. f5
Kd4 53. f4 Kd3 54. Kf3 Kd4 55. Kg4 Kd3 56. Re6 Kd4 57. Kh5 Kd5 58. Kg6 Kd4 59.
Rxf6 gxf6 60. Kxf6 Ke4 61. Ke6 Kxf4 62. f6 Kg5 63. f7 Kh6 64. f8=Q+ Kh7 65.
Qf7+ Kh8 66. Qf6+ Kg8 67. Qxh4 Kg7 68. Qf6+ Kh7 69. Qg5 Kh8 70. Kf7 Kh7 71.
Qh4# 1-0

[Event "Open Aubagne"]
[Site "Aubagne"]
[Date "2024.03.23"]
[Round "8.13"]
[White "Roganova, Jeremy"]
[Black "Roux, Jean-Marie"]
[Result "1/2-1/2"]
[WhiteElo "1503"]
[BlackElo "1543"]
[PlyCount "97"]
[WhiteTeam "C.E. Aubagnais"]
[BlackTeam "Ech. du Roy Rene"]

1. e4 e5 2. Nf3 Nc6 3. Bc4 Be7 4. O-O Nf6 5. Nc3 O-O 6. d4 exd4 7. Nxd4 d6 8.
Be3 Bg4 9. f3 Bh5 10. Qd2 Ne5 11. Bb3 c5 12. Nf5 b6 13. Bd5 Rb8 14. Bb3 Re8 15.
Bh6 Bf8 16. Be3 c4 17. Ba4 Re7 18. Nxe7+ Qxe7 19. Nd5 Qe6 20. Nc7 Qe7 21. Nb5
Rd8 22. Nd4 a6 23. Nf5 Qc7 24. c3 b5 25. Bc2 a5 26. Qf2 Bg6 27. Bb6 Qd7 28.
Bxd8 Qxd8 29. Nh4 Bh5 30. g4 Bxg4 31. fxg4 Nfxg4 32. Qg3 Qb6+ 33. Kh1 Ne3 34.
Rfc1 N5g4 35. Nf5 g6 36. Nxe3 Nxe3 37. b3 Bg7 38. bxc4 Bxc3 39. Rab1 b4 40. Ba4
Be5 41. Qf3 Qd4 42. Be8 f6 43. Qh3 Qxe4+ 44. Kg1 Ng4 45. Qg2 Qd4+ 46. Kh1 Nf2+
47. Kg1 Ng4+ 48. Kh1 Nf2+ 49. Kg1 1/2-1/2

[Event "Open Aubagne"]
[Site "Aubagne"]
[Date "2024.03.23"]
[Round "8.14"]
[White "Peucelle, Richard"]
[Black "Turpin, Isabelle"]
[Result "0-1"]
[WhiteElo "1419"]
[BlackElo "1453"]
[PlyCount "62"]
[WhiteTeam "C.E. Aubagnais"]
[BlackTeam "C.E. Aubagnais"]

1. e4 e5 2. Nf3 Nc6 3. Bc4 Nf6 4. d3 Bc5 5. c3 h6 6. Nbd2 Ng4 7. O-O h5 8. h3
Qf6 9. b4 Bd6 10. d4 exd4 11. e5 Ngxe5 12. Re1 O-O 13. cxd4 Ng6 14. Bb2 Qf5 15.
Qb3 Nxb4 16. Rec1 b5 17. a3 Nc6 18. Bd3 Qf4 19. Rd1 Bb7 20. Bxb5 Rab8 21. g3
Qf5 22. Bd3 Qxh3 23. Bf1 Qg4 24. Nh2 Qf5 25. Bd3 Qf6 26. d5 Nd4 27. Ne4 Qe5 28.
Nf3 Ne2+ 29. Bxe2 Qxe4 30. Re1 Bxd5 31. Ng5 Qg2# 0-1

[Event "Open Aubagne"]
[Site "Aubagne"]
[Date "2024.03.23"]
[Round "8.16"]
[White "Guelai, Belkacem"]
[Black "Evrard, Nicolas"]
[Result "0-1"]
[WhiteElo "1199"]
[BlackElo "1503"]
[PlyCount "66"]
[WhiteTeam "C.E. Aubagnais"]
[BlackTeam "Salon Nostradamus"]

1. e4 d5 2. exd5 Qxd5 3. Nc3 Qd6 4. Nf3 Nf6 5. d4 a6 6. Bc4 b5 7. Bxf7+ Kxf7 8.
Ne5+ Kg8 9. O-O c5 10. Be3 cxd4 11. Bxd4 Nbd7 12. Re1 Nxe5 13. Rxe5 Bb7 14. Qd3
Nd5 15. Rae1 Nxc3 16. Qxc3 Rc8 17. Qb3+ Rc4 18. c3 Bd5 19. Qc2 Qc6 20. Qf5 Bf7
21. Rxe7 Qg6 22. Qd7 h6 23. h3 Rxd4 24. Qxd4 Bxe7 25. Rxe7 Bxa2 26. Qa7 Kh7 27.
Rb7 Bd5 28. g4 h5 29. Rb6 Qe4 30. Kf1 Qg2+ 31. Ke2 Re8+ 32. Kd3 Bc4+ 33. Kd4
Qd5# 0-1

[Event "Open Aubagne"]
[Site "Aubagne"]
[Date "2024.03.23"]
[Round "8.17"]
[White "Burnel, Marie-France"]
[Black "Boudet, Nicole"]
[Result "0-1"]
[WhiteElo "1199"]
[BlackElo "1456"]
[PlyCount "78"]
[WhiteTeam "C.E. Aubagnais"]
[BlackTeam "C.E. Pennois"]

1. c4 Nf6 2. Nc3 e5 3. g3 Bb4 4. Bg2 O-O 5. e3 Bxc3 6. bxc3 d6 7. Ne2 Nc6 8.
O-O e4 9. f3 Bg4 10. fxg4 Nxg4 11. Bxe4 Nce5 12. Qc2 Nf6 13. Bg2 c6 14. Qb3 Nd3
15. Qc2 Ne5 16. d3 d5 17. cxd5 Nxd5 18. d4 Ng4 19. Rf3 Qe7 20. e4 Ndf6 21. h3
Nh6 22. Bxh6 gxh6 23. Raf1 Nxe4 24. Rf4 f5 25. Rxf5 Nd6 26. Rxf8+ Rxf8 27. Qb3+
Kg7 28. Nf4 Qe3+ 29. Kh1 Kh8 30. Kh2 Nf5 31. Rf3 Qe2 32. Qb4 Rf7 33. Rf2 Qxf2
34. Qc4 Qxg3+ 35. Kg1 Qe1+ 36. Kh2 Qg3+ 37. Kg1 Nd6 38. Nh5 Qe1+ 39. Kh2 Nxc4
0-1

[Event "Open Aubagne"]
[Site "Aubagne"]
[Date "2024.03.23"]
[Round "8.18"]
[White "Roubinet, Luan"]
[Black "Belaid, Myriam"]
[Result "1-0"]
[WhiteElo "1199"]
[BlackElo "1199"]
[PlyCount "121"]
[WhiteTeam "C.E. Aubagnais"]
[BlackTeam "C.E. Aubagnais"]

1. e4 c5 2. Nf3 d6 3. d4 cxd4 4. Nxd4 Nf6 5. Nc3 Bd7 6. Be3 g6 7. Qd2 Ng4 8.
Be2 Nxe3 9. Qxe3 e5 10. Nf3 Be7 11. O-O-O Bg4 12. Kb1 h6 13. h3 Bg5 14. Nxg5
Bxe2 15. Nxf7 Kxf7 16. Qxe2 Nc6 17. Qc4+ Kg7 18. Qd5 Qg8 19. Qxg8+ Rhxg8 20.
Rxd6 Rad8 21. Rhd1 Rxd6 22. Rxd6 Rd8 23. Rxd8 Nxd8 24. Nb5 a6 25. Nd6 Kf6 26.
Kc1 Ke6 27. Nc4 b5 28. Ne3 Nf7 29. Kd2 Ng5 30. f3 Kd6 31. Kc3 Kc5 32. Ng4 Nf7
33. a3 h5 34. Ne3 Nd6 35. b4+ Kb6 36. Kd3 g5 37. g3 Nf7 38. c4 Nd8 39. c5+ Kc6
40. h4 Ne6 41. Ng2 Kc7 42. hxg5 Nxg5 43. f4 Nf7 44. fxe5 Nxe5+ 45. Kd4 Nc4 46.
Nf4 Nxa3 47. Nxh5 Nc2+ 48. Kc3 Na3 49. e5 Kd7 50. g4 Ke6 51. c6 Ke7 52. g5 Nc4
53. Kd4 Nb6 54. g6 Ke8 55. Kc5 Na4+ 56. Kd4 Nb6 57. e6 Nc8 58. g7 Ne7 59. c7
Nf5+ 60. Ke5 Ne7 61. Nf6# 1-0

[Event "Open Aubagne"]
[Site "Aubagne"]
[Date "2024.03.23"]
[Round "8.20"]
[White "Periale, Francine"]
[Black "Jardel, Stephane"]
[Result "0-1"]
[WhiteElo "1199"]
[BlackElo "1199"]
[PlyCount "116"]
[WhiteTeam "C.E. Aubagnais"]
[BlackTeam "C.E. Aubagnais"]

1. d4 d5 2. c4 c6 3. Nc3 Nf6 4. Bf4 e6 5. e3 b6 6. Nf3 Bd6 7. Ne5 O-O 8. Bd3
Qe7 9. a3 Nfd7 10. O-O Nxe5 11. dxe5 Bc7 12. Re1 Nd7 13. Qc2 g6 14. cxd5 cxd5
15. Bh6 Rd8 16. f4 f6 17. exf6 Nxf6 18. Bg5 e5 19. Qf2 e4 20. Bc2 Qg7 21. h3
Rf8 22. Rad1 h6 23. Bh4 g5 24. fxg5 hxg5 25. Bg3 Ng4 26. Qxf8+ Kxf8 27. Rf1+
Ke8 28. Bxc7 Qxc7 29. hxg4 Bxg4 30. Rxd5 Qe7 31. Nxe4 Rd8 32. Rxd8+ Qxd8 33.
Nf6+ Ke7 34. Nxg4 Qd2 35. Rf2 Qc1+ 36. Kh2 Qxb2 37. a4 Qb4 38. e4 Qc4 39. Ne3
Qc7+ 40. g3 Qc6 41. Nd5+ Kd8 42. Nb4 Qh6+ 43. Kg2 g4 44. Kf1 Qh1+ 45. Ke2 Qg1
46. Nd3 Qxg3 47. e5 Qh4 48. Rg2 Qh3 49. Nf4 Qf3+ 50. Kd2 Qxf4+ 51. Ke2 Qf3+ 52.
Kd2 Qxg2+ 53. Kd3 Qf2 54. e6 g3 55. Bb3 Ke7 56. Bd5 g2 57. Bxg2 Qxg2 58. Kd4
Kxe6 0-1

[Event "Open Aubagne"]
[Site "Aubagne"]
[Date "2024.04.06"]
[Round "9.1"]
[White "Madi, Mohammed"]
[Black "Mouhieddine, Hocine"]
[Result "1/2-1/2"]
[WhiteElo "1788"]
[BlackElo "1797"]
[PlyCount "68"]
[WhiteTeam "C.E. Aubagnais"]
[BlackTeam "Ech. Marseillais 1872"]

1. e4 c6 2. d4 d5 3. Nd2 dxe4 4. Nxe4 Nf6 5. Nxf6+ exf6 6. c3 Bd6 7. Bd3 Qe7+
8. Qe2 Qxe2+ 9. Nxe2 O-O 10. Bd2 Nd7 11. O-O Re8 12. Rfe1 Nf8 13. Ng3 Bd7 14.
Ne4 Be7 15. Rad1 Ne6 16. Bc2 f5 17. Ng3 g6 18. Ne2 Bf6 19. Nf4 Nxf4 20. Bxf4
Rxe1+ 21. Rxe1 Re8 22. Rxe8+ Bxe8 23. g3 Kf8 24. Bd6+ Be7 25. Bxe7+ Kxe7 26. f4
Kd6 27. Kf2 Bd7 28. Ke3 h5 29. h4 Be6 30. Bb3 Bxb3 31. axb3 a5 32. c4 f6 33.
Kf3 c5 34. d5 b6 1/2-1/2